Normal view
MARC view
- al-Suhrawardi, Yahya Ibn Habash- 1152-1191
Entry Topical Term
001 - CONTROL NUMBER
- control field: 37296
003 - CONTROL NUMBER IDENTIFIER
- control field: NUST
005 - DATE AND TIME OF LATEST TRANSACTION
- control field: 20210314130238.0
008 - FIXED-LENGTH DATA ELEMENTS
- fixed length control field: 210314|| aca||aabn | a|a d
040 ## - CATALOGING SOURCE
- Original cataloging agency: NUST
- Transcribing agency: NUST
150 ## - HEADING--TOPICAL TERM
- Topical term or geographic name entry element: al-Suhrawardi, Yahya Ibn Habash- 1152-1191
670 ## - SOURCE DATA FOUND
- Source citation: Work cat.: (NUST): Nasr, Seyyed Hossein 181, Three Muslim sages, 1988
